Statistics for Countries Containing the Same Three Letters

Click here to take the quiz!

General Stats

  • This quiz has been taken 198 times
    (168 since last reset)
  • The average score is 23 of 46

Answer Stats

LetterCountry% Correct
AAustralia
84%
AAfghanistan
75%
ACanada
72%
AKazakhstan
69%
AAlbania
68%
APanama
67%
AAzerbaijan
66%
ABahamas
66%
P, IPhilippines
66%
AMadagascar
63%
OKosovo
58%
A, L, SMarshall Islands
58%
OMorocco
57%
EVenezuela
56%
APapua New Guinea
55%
OComoros
53%
IKiribati
53%
S, OSolomon Islands
53%
UUruguay
53%
AMauritania
52%
AParaguay
52%
AGuatemala
51%
ASaudi Arabia
51%
ELiechtenstein
50%
IDominican Republic
48%
AEquatorial Guinea
48%
EGreece
48%
A, DTrinidad and Tobago
47%
AMalaysia
45%
ESeychelles
44%
AAntigua and Barbuda
43%
A, CCentral African Republic
43%
S, I, TSaint Kitts and Nevis
43%
TUnited States
43%
ANicaragua
42%
CCzech Republic
40%
AJamaica
38%
C, E, ODemocratic Republic
of the Congo
36%
A, I, N, TSaint Vincent and
the Grenadines
36%
E, AUnited Arab Emirates
34%
A, E, S, TFederated States
of Micronesia
33%
ATanzania
32%
ORepublic of the Congo
28%
ESierra Leone
27%
ABosnia and Herzegovina
23%
ECape Verde
22%

Score Distribution

Percentile by Number Answered

Percent of People with Each Score

Your Score History

You have not taken this quiz since the last reset